[Event "4NCL/Div2c/PANDG vs. KHE"]
[Site "Staverton Park ENG"]
[Date "2009.05.03"]
[Round "10.4"]
[White "Ward, Julian T"]
[Black "Ashton, Adam G"]
[Result "1/2-1/2"]
[WhiteElo "2190"]
[BlackElo "2307"]
[PlyCount "86"]
[EventDate "2009.05.03"]
[SourceDate "2008.10.04"]

1. Nf3 d5 2. c4 e6 3. g3 Nf6 4. Bg2 dxc4 5. Qa4+ c6 6. Qxc4 b5 7. Qc2 Bb7 8.
O-O c5 9. d3 Nbd7 10. Nc3 Qb6 11. a4 b4 12. a5 Qa6 13. Nb1 Be7 14. Nbd2 O-O 15.
Nc4 Rac8 16. e4 Rfd8 17. Bf4 Ne8 18. Rfc1 Nd6 19. Nfd2 Nxc4 20. Nxc4 Nb8 21.
Bxb8 Rxb8 22. Qe2 Rd4 23. Bf1 Rbd8 24. Qe3 Bc6 25. h4 Bb5 26. b3 Bxc4 27. dxc4
Qd6 28. e5 Qd7 29. Re1 Rd2 30. Qf3 h6 31. a6 Qc7 32. Re3 R8d7 33. Be2 Qd8 34.
Kf1 R7d4 35. Qb7 Rd7 36. Qe4 Bf8 37. Qc6 Qc7 38. Qe4 R2d4 39. Qa8 Qd8 40. Qc6
Qc7 41. Qa8 g6 42. Bf3 Qd8 43. Qxd8 Rxd8 1/2-1/2

[Event "4NCL/Div2c/PANDG vs. KHE"]
[Site "Staverton Park ENG"]
[Date "2009.05.03"]
[Round "10.5"]
[White "Bentley, John L"]
[Black "Thomas, Richard H"]
[Result "1/2-1/2"]
[WhiteElo "2234"]
[BlackElo "2202"]
[PlyCount "113"]
[EventDate "2009.05.03"]
[SourceDate "2008.10.04"]

1. d4 d5 2. Nc3 Bf5 3. e4 Bxe4 4. Nxe4 dxe4 5. c3 c6 6. Bc4 e6 7. Ne2 Nf6 8.
Ng3 Nbd7 9. O-O Be7 10. Qe2 O-O 11. Bf4 Re8 12. Rad1 Qb6 13. Bb3 c5 14. Nxe4
Nxe4 15. Qxe4 Nf6 16. Qf3 Red8 17. dxc5 Bxc5 18. Bg5 Be7 19. Be3 Qc7 20. Bf4
Qb6 21. Be3 Qc7 22. h3 a6 23. Bf4 Qb6 24. Be3 Qc7 25. Bf4 Qb6 26. Rxd8+ Rxd8
27. Rd1 h6 28. Rxd8+ Bxd8 29. Qd3 Bc7 30. Be3 Qd6 31. Qxd6 Bxd6 32. Kf1 Kf8 33.
Bd1 Nd5 34. Bd4 Ne7 35. Bf3 Nc6 36. Bb6 Ke7 37. Ke2 Kd7 38. Kd2 Bf4+ 39. Kc2
Bd6 40. b4 Bc7 41. Be3 Bd6 42. Kb3 Kc7 43. a3 Be5 44. Kc4 Bd6 45. Kb3 Be5 46.
Bh5 g6 47. Bf3 h5 48. a4 b6 49. Be2 Kb7 50. Bf3 Kc7 51. Be2 Kb7 52. g3 Bd6 53.
Bf3 Kc7 54. Be2 Kb7 55. Bf3 Kc7 56. Be2 Kb7 57. Bf3 1/2-1/2

[Event "4NCL/Div2c/PANDG vs. KHE"]
[Site "Staverton Park ENG"]
[Date "2009.05.03"]
[Round "10.6"]
[White "Forbes, Cathy"]
[Black "Burnett, Andrew"]
[Result "0-1"]
[WhiteElo "2119"]
[BlackElo "2202"]
[PlyCount "70"]
[EventDate "2009.05.03"]
[SourceDate "2008.10.04"]

1. d4 c5 2. c3 d5 3. Bf4 Nc6 4. e3 Qb6 5. Qb3 c4 6. Qxb6 axb6 7. Nd2 b5 8. a3
b4 9. cxb4 Nxb4 10. Rc1 Nc6 11. Ngf3 Nf6 12. Be2 e6 13. O-O b5 14. Ra1 Bb7 15.
Ne5 Be7 16. h3 O-O 17. g4 Nxe5 18. Bxe5 Nd7 19. Rfc1 Nxe5 20. dxe5 f6 21. Nf3
fxe5 22. Nxe5 Bd6 23. Nf3 e5 24. Nd2 Bc5 25. Nf1 Rf7 26. Ng3 g6 27. Bf1 d4 28.
exd4 Bxd4 29. Rc2 Raf8 30. Bg2 Bxg2 31. Kxg2 Rxf2+ 32. Rxf2 Rxf2+ 33. Kh1 Bxb2
34. Re1 c3 35. Ne4 Rf4 0-1

[Event "4NCL/Div2c/PANDG vs. KHE"]
[Site "Staverton Park ENG"]
[Date "2009.05.03"]
[Round "10.7"]
[White "Cumbers, Paul"]
[Black "Mackenzie, Colin"]
[Result "1-0"]
[WhiteElo "2195"]
[BlackElo "2120"]
[PlyCount "91"]
[EventDate "2009.05.03"]
[SourceDate "2008.10.04"]

1. d4 e6 2. e4 d5 3. e5 c5 4. c3 Qb6 5. a3 Nc6 6. Nf3 Bd7 7. b4 cxd4 8. cxd4
Rc8 9. Bb2 Na5 10. Nbd2 Nc4 11. Bxc4 dxc4 12. Rc1 c3 13. Rxc3 Rxc3 14. Bxc3 Qa6
15. Ng5 Nh6 16. Nge4 Bc6 17. f4 Be7 18. Kf2 O-O 19. Re1 Nf5 20. Bb2 Rd8 21. Nf3
Rc8 22. Qd2 b6 23. Nc3 Qb7 24. d5 Bxd5 25. Nxd5 exd5 26. e6 fxe6 27. Rxe6 Qd7
28. Re1 d4 29. Bxd4 Nxd4 30. Qxd4 Qxd4+ 31. Nxd4 Bf6 32. Nb5 a6 33. Nd6 Rd8 34.
Re8+ Rxe8 35. Nxe8 Bc3 36. Ke3 a5 37. bxa5 bxa5 38. Kd3 Be1 39. Nd6 Kf8 40. Ne4
Ke7 41. Ke2 Bh4 42. g3 Bf6 43. Nxf6 gxf6 44. Kd3 Kd6 45. Kc4 Kc6 46. g4 1-0

[Event "4NCL/Div2c/PANDG vs. KHE"]
[Site "Staverton Park ENG"]
[Date "2009.05.03"]
[Round "10.8"]
[White "Stevenson, James A B"]
[Black "Walton, Alan J"]
[Result "1/2-1/2"]
[WhiteElo "2092"]
[BlackElo "2161"]
[PlyCount "36"]
[EventDate "2009.05.03"]
[SourceDate "2008.10.04"]

1. e4 e6 2. d4 d5 3. exd5 exd5 4. Nf3 Bg4 5. h3 Bh5 6. Qe2+ Qe7 7. Be3 Nf6 8.
Nc3 c6 9. g4 Bg6 10. Ne5 Ne4 11. Nxe4 Bxe4 12. f3 Bg6 13. O-O-O Nd7 14. Nxd7
Kxd7 15. Qd2 Re8 16. Re1 Qb4 17. Bd3 Qxd2+ 18. Kxd2 Bxd3 1/2-1/2

[Event "4NCL/Div2c/JUTK vs. WWKS1"]
[Site "Staverton Park ENG"]
[Date "2009.05.03"]
[Round "10.1"]
[White "Williams, Simon K"]
[Black "Mason, Don"]
[Result "1/2-1/2"]
[WhiteElo "2512"]
[BlackElo "2261"]
[PlyCount "82"]
[EventDate "2009.05.03"]
[SourceDate "2008.10.04"]

1. d4 Nf6 2. c4 e6 3. Nf3 c5 4. Nc3 cxd4 5. Nxd4 a6 6. g3 Qc7 7. Bg2 Nc6 8. O-O
d6 9. b3 Be7 10. Bb2 O-O 11. Rc1 Ne5 12. h3 Bd7 13. f4 Ng6 14. e4 Rac8 15. Kh2
Qb8 16. a4 Rfd8 17. Qe2 Bf8 18. Rcd1 Rc5 19. Ba3 Rcc8 20. Qd2 e5 21. Nde2 exf4
22. gxf4 b5 23. Bxd6 Bxd6 24. Qxd6 bxc4 25. b4 Qa7 26. e5 Ne8 27. Qd4 Qb8 28.
Qe3 Qxb4 29. Nd5 Qb3 30. Nec3 Bf5 31. Rd2 h6 32. h4 Kh8 33. h5 Nh4 34. Bh1 Bd3
35. Rff2 Nf5 36. Qh3 g6 37. hxg6 fxg6 38. Rg2 Rc6 39. Rb2 Qa3 40. Rb7 Qf8 41.
Rgb2 Re6 1/2-1/2

[Event "4NCL/Div2c/JUTK vs. WWKS1"]
[Site "Staverton Park ENG"]
[Date "2009.05.03"]
[Round "10.2"]
[White "Thomas, Nicholas"]
[Black "Cooley, Chris"]
[Result "0-1"]
[WhiteElo "2315"]
[BlackElo "2265"]
[PlyCount "80"]
[EventDate "2009.05.03"]
[SourceDate "2008.10.04"]

1. e4 c6 2. d4 d5 3. Nd2 dxe4 4. Nxe4 Nd7 5. Bc4 Ngf6 6. Ng5 Nd5 7. N1f3 h6 8.
Ne4 N7f6 9. Nxf6+ gxf6 10. O-O Rg8 11. Re1 Bg4 12. Be2 Qc7 13. Nh4 Bxe2 14.
Qxe2 O-O-O 15. Qf3 e6 16. c3 f5 17. g3 f4 18. c4 fxg3 19. cxd5 gxf2+ 20. Kxf2
Qxh2+ 21. Ng2 Rxd5 22. Re4 Rf5 23. Bf4 Rxf4 24. Rxf4 Rxg2+ 25. Qxg2 Qxf4+ 26.
Ke2 Qxd4 27. Rd1 Qxb2+ 28. Rd2 Qb5+ 29. Rd3 Qe5+ 30. Kf3 Qh5+ 31. Qg4 Qxg4+ 32.
Kxg4 c5 33. Kh5 c4 34. Rf3 f5 35. Kg6 Kd7 36. Kf7 Bd6 37. Kf6 f4 38. Rh3 b5 39.
Rxh6 c3 40. Rh2 a5 0-1

[Event "4NCL/Div2c/JUTK vs. WWKS1"]
[Site "Staverton Park ENG"]
[Date "2009.05.03"]
[Round "10.3"]
[White "Harakis, Alexis"]
[Black "Pitcher, John"]
[Result "1/2-1/2"]
[WhiteElo "2248"]
[BlackElo "2198"]
[PlyCount "90"]
[EventDate "2009.05.03"]
[SourceDate "2008.10.04"]

1. d4 d5 2. c4 c6 3. Nf3 Nf6 4. Nc3 a6 5. a4 e6 6. Bg5 Nbd7 7. cxd5 exd5 8. e3
a5 9. Bd3 Be7 10. Qc2 O-O 11. O-O Re8 12. Rae1 Nf8 13. Ne5 Ne4 14. Bxe7 Qxe7
15. f4 f6 16. Bxe4 dxe4 17. Nc4 Qb4 18. Na2 Qe7 19. f5 Kh8 20. Rf4 b5 21. Nd2
b4 22. Nc1 c5 23. dxc5 Bb7 24. Ncb3 Bd5 25. Nc4 Nd7 26. Rd1 Bxc4 27. Qxc4 Rac8
28. c6 Ne5 29. Qxe4 Rxc6 30. Nxa5 Rc5 31. Nb3 Rc4 32. Rd4 Rcc8 33. h3 h6 34.
Rxb4 Qa7 35. Qd4 Qa6 36. Rb5 Rcd8 37. Qb6 Qc8 38. Rd4 Rxd4 39. exd4 Nd3 40. Kh2
Qc2 41. Qd6 Ne1 42. Qg3 Nxg2 43. Na1 Qd2 44. Nb3 Qc2 45. Na1 Qd2 1/2-1/2

[Event "4NCL/Div2c/JUTK vs. WWKS1"]
[Site "Staverton Park ENG"]
[Date "2009.05.03"]
[Round "10.4"]
[White "Page, Mark"]
[Black "Naylor, John"]
[Result "1/2-1/2"]
[WhiteElo "2140"]
[BlackElo "2186"]
[PlyCount "71"]
[EventDate "2009.05.03"]
[SourceDate "2008.10.04"]

1. e4 e5 2. Nf3 Nc6 3. Bb5 f5 4. d3 fxe4 5. dxe4 Nf6 6. O-O Bc5 7. Qd3 d6 8.
Qc4 Bb6 9. a4 a5 10. Nc3 Bd7 11. Ng5 Qe7 12. Nd5 Nxd5 13. exd5 Nd8 14. Bxd7+
Qxd7 15. Qe4 g6 16. Be3 O-O 17. b3 Qf5 18. Qxf5 gxf5 19. Bxb6 cxb6 20. f4 e4
21. Rae1 h6 22. Nh3 Nf7 23. c4 Nh8 24. Nf2 Ng6 25. Nd1 Rf6 26. g3 h5 27. Kf2
Nf8 28. Re3 Nd7 29. Nc3 Nc5 30. Nb5 Rc8 31. Ke2 Kf7 32. Nd4 Rh8 33. Rb1 Nd3 34.
h4 Rc8 35. Rf1 Rg8 36. Rb1 1/2-1/2

[Event "4NCL/Div2c/JUTK vs. WWKS1"]
[Site "Staverton Park ENG"]
[Date "2009.05.03"]
[Round "10.5"]
[White "Rich, Mark"]
[Black "Fishburne, Stewart K"]
[Result "1-0"]
[WhiteElo "2132"]
[BlackElo "2114"]
[PlyCount "57"]
[EventDate "2009.05.03"]
[SourceDate "2008.10.04"]

1. e4 g6 2. Nc3 Bg7 3. d4 d6 4. Be3 a6 5. a4 Nf6 6. Qd2 Nc6 7. d5 Nb4 8. h3 e6
9. Bc4 exd5 10. exd5 Bf5 11. Bb3 a5 12. g4 Bd7 13. Nge2 Qe7 14. O-O-O c6 15.
Rhe1 cxd5 16. Bg5 Be6 17. Nf4 Qd7 18. Bxf6 Bxf6 19. Ncxd5 Nxd5 20. Nxd5 Bd8 21.
Qh6 Rc8 22. Qg7 Rf8 23. f4 Be7 24. Nf6+ Bxf6 25. Qxf6 Qd8 26. Rxe6+ fxe6 27.
Qxe6+ Qe7 28. Qxc8+ Qd8 29. Re1# 1-0

[Event "4NCL/Div2c/JUTK vs. WWKS1"]
[Site "Staverton Park ENG"]
[Date "2009.05.03"]
[Round "10.6"]
[White "Baruch, Andrew J D"]
[Black "Wilson, Alexandra"]
[Result "1/2-1/2"]
[WhiteElo "2082"]
[BlackElo "2040"]
[PlyCount "65"]
[EventDate "2009.05.03"]
[SourceDate "2008.10.04"]

1. g3 d6 2. Bg2 e5 3. c4 f5 4. Nc3 Nf6 5. d3 Be7 6. e4 Nc6 7. Nge2 O-O 8. O-O
Qe8 9. Nd5 Bd8 10. f3 Nxd5 11. cxd5 Ne7 12. f4 Ng6 13. Be3 Bd7 14. Qd2 Kh8 15.
Rac1 c5 16. dxc6 Bxc6 17. exf5 Bxg2 18. Kxg2 Rxf5 19. d4 e4 20. d5 Ne7 21. Nc3
Ba5 22. Qd4 Bxc3 23. bxc3 Nxd5 24. Rfe1 Nxe3+ 25. Rxe3 d5 26. c4 Qa4 27. Qb2
Rd8 28. Ra3 Qc6 29. cxd5 Qxd5 30. Rxa7 e3+ 31. Kg1 Rf7 32. Ra3 Re7 33. Qe2
1/2-1/2

[Event "4NCL/Div2c/JUTK vs. WWKS1"]
[Site "Staverton Park ENG"]
[Date "2009.05.03"]
[Round "10.7"]
[White "Rice, Chris"]
[Black "Cooper, David M"]
[Result "1/2-1/2"]
[WhiteElo "2116"]
[BlackElo "2097"]
[PlyCount "141"]
[EventDate "2009.05.03"]
[SourceDate "2008.10.04"]

1. c4 b6 2. Nc3 Bb7 3. e4 e6 4. Nge2 Bb4 5. a3 Bxc3 6. Nxc3 c5 7. g3 Ne7 8. Bg2
Nbc6 9. O-O Nd4 10. d3 O-O 11. Be3 d6 12. b4 d5 13. exd5 exd5 14. bxc5 bxc5 15.
Rb1 Bc6 16. cxd5 Nxd5 17. Bxd4 cxd4 18. Nxd5 Bxd5 19. Re1 Rc8 20. Rb4 Bxg2 21.
Kxg2 Rc3 22. Re4 Rxa3 23. Rbxd4 Qc7 24. Qf3 a5 25. Qe3 Qb7 26. Qf3 h6 27. Rd6
Rb3 28. Ra4 Qb5 29. Rg4 f5 30. Rgd4 Qb7 31. Qxb7 Rxb7 32. Ra6 Rb5 33. Ra4 Rd8
34. R6xa5 Rxa5 35. Rxa5 Rxd3 36. Rxf5 g6 37. Rf3 Rd4 38. Kf1 Kg7 39. Kg2 Re4
40. Re3 Rd4 41. Kf3 Kf6 42. Ra3 h5 43. Ra6+ Kf5 44. Ra5+ Kf6 45. Ke3 Rc4 46. h4
Rb4 47. Rd5 Ra4 48. Rd4 Ra5 49. Rb4 Rc5 50. Rd4 Rb5 51. f3 Re5+ 52. Re4 Ra5 53.
Re8 Ra4 54. Rf8+ Kg7 55. Rd8 Kf6 56. Rd5 Rb4 57. Rg5 Rb3+ 58. Ke4 Rb4+ 59. Ke3
Rb3+ 60. Ke2 Rb2+ 61. Ke1 Rb1+ 62. Kd2 Rb3 63. f4 Ra3 64. Ke2 Rb3 65. Kf2 Rb2+
66. Ke3 Rb3+ 67. Kd4 Ra3 68. Kc4 Rf3 69. Kd5 Re3 70. Kd4 Ra3 71. Ke4 1/2-1/2

[Event "4NCL/Div2c/JUTK vs. WWKS1"]
[Site "Staverton Park ENG"]
[Date "2009.05.03"]
[Round "10.8"]
[White "Stepanyan, Henrik"]
[Black "Donovan, Nigel"]
[Result "0-1"]
[WhiteElo "1975"]
[BlackElo "2058"]
[PlyCount "160"]
[EventDate "2009.05.03"]
[SourceDate "2008.10.04"]

1. c4 c5 2. Nc3 Nc6 3. Nf3 Nf6 4. e3 g6 5. d4 cxd4 6. exd4 Bg7 7. Be2 O-O 8.
O-O d5 9. Ne5 Nxe5 10. dxe5 Ne4 11. Qxd5 Nxc3 12. bxc3 Qxd5 13. cxd5 Bxe5 14.
Bb2 Bf5 15. f4 Bf6 16. Rac1 Rfd8 17. Rfd1 Be4 18. Bc4 b5 19. Bb3 Rac8 20. Ba3
a5 21. Re1 Bxd5 22. Bxe7 Bxe7 23. Rxe7 a4 24. Bxd5 Rxd5 25. Rb7 Rc4 26. g3 Re4
27. Rc2 Rc5 28. Rb2 Rec4 29. R7xb5 Rxb5 30. Rxb5 Rxc3 31. Rb2 a3 32. Re2 Rc1+
33. Kf2 Rc3 34. Ke1 Kf8 35. Kd2 Rc6 36. Re3 Ra6 37. Kc2 Kg7 38. Kb3 Kf6 39. Kb4
Kf5 40. h3 h5 41. Rxa3 Rxa3 42. Kxa3 h4 43. g4+ Kxf4 44. Kb4 f5 45. gxf5 gxf5
46. a4 Kg3 47. a5 f4 48. a6 f3 49. a7 f2 50. a8=Q f1=Q 51. Qg8+ Kxh3 52. Qe6+
Kg3 53. Qg6+ Kh2 54. Qd6+ Kh1 55. Qd5+ Qg2 56. Qd1+ Kh2 57. Qd6+ Qg3 58. Qd2+
Kh3 59. Kc4 Qf3 60. Qe1 Qf4+ 61. Kd5 Qf5+ 62. Kd4 Qd7+ 63. Kc3 Qc7+ 64. Kd4
Qd6+ 65. Kc4 Qf4+ 66. Kd5 Kg2 67. Qe2+ Qf2 68. Qg4+ Kh2 69. Qh5 h3 70. Qe5+ Kg1
71. Qa1+ Qf1 72. Qd4+ Kh1 73. Ke5 Qe2+ 74. Kf4 Kg2 75. Qg7+ Kf1 76. Qa1+ Kf2
77. Qa7+ Kg2 78. Qg7+ Kh1 79. Qa1+ Kh2 80. Qg7 Qf2+ 0-1

[Event "4NCL/Div2c/PPA1 vs. WES1"]
[Site "Staverton Park ENG"]
[Date "2009.05.03"]
[Round "10.1"]
[White "Posazhennikov, Alex"]
[Black "Yeo, Michael J"]
[Result "1-0"]
[WhiteElo "2249"]
[BlackElo "2147"]
[PlyCount "55"]
[EventDate "2009.05.03"]
[SourceDate "2008.10.04"]

1. e4 e5 2. Nf3 Nc6 3. Bb5 a6 4. Ba4 d6 5. h3 f5 6. d3 Nf6 7. Nc3 Be7 8. Nd5
O-O 9. Bb3 Kh8 10. Nxe7 Qxe7 11. Bg5 h6 12. Nh4 Kh7 13. exf5 hxg5 14. Ng6 Qd8
15. g4 Bxf5 16. gxf5 Nd4 17. Rg1 Re8 18. Rxg5 Nxb3 19. axb3 e4 20. Nf4 exd3+
21. Ne6 d2+ 22. Qxd2 Rxe6+ 23. fxe6 Ne4 24. Rh5+ Kg6 25. Qe2 Qf6 26. O-O-O Qxf2
27. Qg4+ Kf6 28. Qxe4 1-0

[Event "4NCL/Div2c/PPA1 vs. WES1"]
[Site "Staverton Park ENG"]
[Date "2009.05.03"]
[Round "10.2"]
[White "Lock, Gavin R"]
[Black "Swanson, Stephen"]
[Result "1/2-1/2"]
[WhiteElo "2227"]
[BlackElo "2245"]
[PlyCount "86"]
[EventDate "2009.05.03"]
[SourceDate "2008.10.04"]

1. d4 g6 2. Nf3 Bg7 3. c4 d6 4. Nc3 Nd7 5. e4 e5 6. Be2 Ne7 7. h4 h5 8. Bg5 c6
9. Qd2 a6 10. O-O f6 11. Be3 Ng8 12. Rfd1 Qe7 13. dxe5 dxe5 14. Na4 Nh6 15. Nb6
Nxb6 16. Bxb6 Be6 17. b4 Kf7 18. c5 Kg8 19. Qc3 Kh7 20. Bc4 Bg4 21. Qb3 Bxf3
22. Qxf3 f5 23. g3 Rhf8 24. Rd6 fxe4 25. Qxe4 Nf5 26. Re6 Qd7 27. Bb3 Rae8 28.
Rd1 Qxd1+ 29. Bxd1 Rxe6 30. a4 Kh8 31. Bc7 Rc8 32. Bb3 Rce8 33. Bxe6 Rxe6 34.
Kg2 Kh7 35. Bd8 Re8 36. Bg5 Rf8 37. Qc4 Nd4 38. Be7 Rf5 39. Bg5 e4 40. Be3 Rd5
41. b5 axb5 42. axb5 Nf5 43. bxc6 Nxe3+ 1/2-1/2

[Event "4NCL/Div2c/PPA1 vs. WES1"]
[Site "Staverton Park ENG"]
[Date "2009.05.03"]
[Round "10.3"]
[White "Dunn, Andrew"]
[Black "Simons, Martin J"]
[Result "1/2-1/2"]
[WhiteElo "2204"]
[BlackElo "2225"]
[PlyCount "30"]
[EventDate "2009.05.03"]
[SourceDate "2008.10.04"]

1. c4 e5 2. Nc3 d6 3. Nf3 c5 4. g3 g5 5. e4 Be7 6. h4 g4 7. Nh2 h5 8. Bg2 Nc6
9. d3 Be6 10. Be3 Qd7 11. Nd5 Nd4 12. Qd2 Bd8 13. Bxd4 cxd4 14. f4 gxf3 15.
Bxf3 Bxd5 1/2-1/2

[Event "4NCL/Div2c/PPA1 vs. WES1"]
[Site "Staverton Park ENG"]
[Date "2009.05.03"]
[Round "10.4"]
[White "Kawuma, Steven"]
[Black "Byway, Paul"]
[Result "1-0"]
[WhiteElo "2168"]
[BlackElo "2156"]
[PlyCount "137"]
[EventDate "2009.05.03"]
[SourceDate "2008.10.04"]

1. e4 c5 2. Nf3 a6 3. d4 cxd4 4. Nxd4 Nf6 5. Nc3 e5 6. Nf3 d6 7. Bc4 Qc7 8. Bb3
Be6 9. Bg5 Nbd7 10. O-O Bc4 11. Re1 Be7 12. Nd2 Be6 13. Nf1 O-O 14. Ne3 Nc5 15.
Bxf6 Bxf6 16. Ned5 Bxd5 17. Nxd5 Qd8 18. Qf3 Bg5 19. Rad1 Rc8 20. g3 g6 21. h4
Be7 22. Qg4 Rb8 23. h5 Kg7 24. Kg2 f5 25. exf5 Rxf5 26. hxg6 hxg6 27. Ne3 Rg5
28. Qf3 Qf8 29. Qxf8+ Bxf8 30. Nc4 Nxb3 31. cxb3 Rf5 32. Nxd6 Bxd6 33. Rxd6
Rbf8 34. Rd7+ R8f7 35. Rxf7+ Kxf7 36. Re4 Ke6 37. Rb4 Rf7 38. Rb6+ Kf5 39. Kf3
e4+ 40. Ke3 Rd7 41. Ke2 g5 42. b4 Ke5 43. a4 Kd4 44. a5 Kc4 45. Ke3 Rf7 46.
Kxe4 Rxf2 47. b3+ Kxb3 48. b5 Ka4 49. bxa6 bxa6 50. Rxa6 g4 51. Rg6 Kxa5 52.
Rxg4 Kb6 53. Rf4 Rg2 54. Kf3 Rg1 55. Rd4 Kc5 56. Rd8 Rf1+ 57. Kg4 Rf7 58. Kh5
Kc6 59. g4 Kc7 60. Rd1 Rf8 61. g5 Rh8+ 62. Kg6 Rh2 63. Kg7 Rg2 64. g6 Rf2 65.
Rd4 Rf1 66. Kg8 Kc6 67. g7 Kc5 68. Rh4 Kd6 69. Kh8 1-0

[Event "4NCL/Div2c/PPA1 vs. WES1"]
[Site "Staverton Park ENG"]
[Date "2009.05.03"]
[Round "10.5"]
[White "Richter, Hans"]
[Black "Jenks, Bruce"]
[Result "1-0"]
[WhiteElo "2148"]
[BlackElo "2141"]
[PlyCount "145"]
[EventDate "2009.05.03"]
[SourceDate "2008.10.04"]

1. d4 Nf6 2. c4 c5 3. d5 b5 4. cxb5 a6 5. Nc3 axb5 6. Nxb5 Ba6 7. Nc3 g6 8. Nf3
d6 9. g3 Nbd7 10. Rb1 Bg7 11. Bg2 Ng4 12. Bd2 Nge5 13. Nxe5 Nxe5 14. Qa4+ Qd7
15. Qxd7+ Nxd7 16. O-O O-O 17. Rfe1 Nb6 18. b3 Bb7 19. e4 e6 20. a4 Bxc3 21.
Bxc3 exd5 22. a5 d4 23. Bxd4 cxd4 24. axb6 Ra6 25. Red1 Rxb6 26. Rxd4 Ra8 27.
Bf1 Kf8 28. Bc4 Ke7 29. Rbd1 Bc8 30. Bd5 Ra2 31. Ra4 Ra6 32. Rxa6 Bxa6 33. Rc1
f5 34. exf5 gxf5 35. Re1+ Kf6 36. Re6+ Kg5 37. h4+ Kg4 38. Kg2 f4 39. Re4 Kf5
40. Rxf4+ Ke5 41. Bf3 d5 42. Rf7 Bd3 43. b4 Rb2 44. Rd7 Bc4 45. Rxh7 d4 46.
Re7+ Kf6 47. Re4 Rxb4 48. g4 d3 49. Kg3 Ra4 50. Kf4 d2 51. Ke3 Ra3+ 52. Kxd2
Rxf3 53. Rxc4 Rxf2+ 54. Ke3 Rh2 55. Rc6+ Ke5 56. Rc5+ Kf6 57. Rf5+ Kg7 58. h5
Ra2 59. Kf4 Ra1 60. Kg5 Ra6 61. Rb5 Ra7 62. h6+ Kh7 63. Kh5 Ra8 64. g5 Kh8 65.
g6 Rc8 66. Re5 Ra8 67. Kg5 Rb8 68. Kf6 Rf8+ 69. Ke7 Rg8 70. g7+ Kh7 71. Kf7 Ra8
72. Re8 Ra7+ 73. Kf8 1-0

[Event "4NCL/Div2c/PPA1 vs. WES1"]
[Site "Staverton Park ENG"]
[Date "2009.05.03"]
[Round "10.6"]
[White "Rutter, Nicholas"]
[Black "Jarvis, David"]
[Result "1-0"]
[WhiteElo "2181"]
[BlackElo "2160"]
[PlyCount "95"]
[EventDate "2009.05.03"]
[SourceDate "2008.10.04"]

1. e4 e6 2. Nf3 d5 3. Nc3 Nf6 4. e5 Nfd7 5. d4 c5 6. Bg5 Be7 7. Bxe7 Qxe7 8.
Nb5 O-O 9. Nc7 Nxe5 10. Nxa8 Nxf3+ 11. Qxf3 b6 12. Nxb6 axb6 13. Bb5 e5 14. O-O
exd4 15. Rfe1 Qd6 16. Qg3 Qxg3 17. hxg3 Be6 18. a4 Rc8 19. a5 bxa5 20. Rxa5 Kf8
21. Ra8 Ke7 22. Rea1 Kd6 23. R1a7 Rc7 24. Rxc7 Kxc7 25. Be8 Nc6 26. Bxc6 Kxc6
27. Kf1 Bf5 28. c3 dxc3 29. bxc3 Kb5 30. Ke2 Kc4 31. Kd2 d4 32. cxd4 Kxd4 33.
Rd8+ Kc4 34. Rg8 g6 35. Rg7 Be6 36. Rxh7 Kd4 37. Rh4+ Ke5 38. Ra4 Kd5 39. Ke3
Ke5 40. g4 Kd5 41. f3 Ke5 42. g5 Kd5 43. Kf4 c4 44. Ke3 Kc5 45. Ra7 Kb4 46. Kd4
Kb3 47. Rc7 Kc2 48. Rxc4+ 1-0

[Event "4NCL/Div2c/PPA1 vs. WES1"]
[Site "Staverton Park ENG"]
[Date "2009.05.03"]
[Round "10.7"]
[White "Rosen, Daniel B"]
[Black "Gregory, Keith D"]
[Result "1/2-1/2"]
[WhiteElo "2142"]
[BlackElo "2057"]
[PlyCount "85"]
[EventDate "2009.05.03"]
[SourceDate "2008.10.04"]

1. e4 g6 2. d4 Bg7 3. Nc3 d6 4. Be3 a6 5. Bd3 Nd7 6. Nge2 c5 7. Qd2 cxd4 8.
Bxd4 Bxd4 9. Nxd4 Ngf6 10. O-O Nc5 11. Nb3 Nxd3 12. cxd3 Be6 13. Nd4 Bd7 14. h3
Qb6 15. Nde2 O-O 16. Kh1 Bc6 17. f4 e6 18. f5 exf5 19. exf5 Rae8 20. d4 Kg7 21.
Ng3 h6 22. fxg6 fxg6 23. Rae1 Ng8 24. Rxe8 Rxf1+ 25. Nxf1 Bxe8 26. Ne3 Bf7 27.
a3 Nf6 28. Qf2 Qc6 29. Qg3 Be6 30. Kg1 Ne4 31. Qe1 Nf6 32. Qd2 Nd5 33. Nexd5
Bxd5 34. Qe2 Bf7 35. Qf2 b6 36. Qe3 a5 37. Qd2 Qc4 38. Ne4 Qd5 39. Nc3 Qc4 40.
Ne4 Qd5 41. Nc3 Qc4 42. Ne4 Qd5 43. Nc3 1/2-1/2

[Event "4NCL/Div2c/PPA1 vs. WES1"]
[Site "Staverton Park ENG"]
[Date "2009.05.03"]
[Round "10.8"]
[White "Vann, Monica"]
[Black "Mountford, Corinne"]
[Result "0-1"]
[WhiteElo "1755"]
[BlackElo "1645"]
[PlyCount "88"]
[EventDate "2009.05.03"]
[SourceDate "2008.10.04"]

1. e4 g6 2. d4 Bg7 3. Nf3 d6 4. Bc4 e6 5. O-O h6 6. d5 e5 7. Nc3 a6 8. a4 b6 9.
Bd2 Bb7 10. b4 Nd7 11. Rb1 Ne7 12. Ne2 O-O 13. Qc1 Kh7 14. Bd3 Ng8 15. Ne1 c6
16. dxc6 Bxc6 17. b5 Bb7 18. f4 exf4 19. Bxf4 Ne5 20. Bxe5 dxe5 21. Nf3 Qc7 22.
Ng3 Ne7 23. Nh4 Bc8 24. Rf2 Kg8 25. Qf1 a5 26. Bc4 Be6 27. Bxe6 fxe6 28. Nf3
Rf7 29. Rb3 Raf8 30. Rd3 Nc8 31. Rdd2 Nd6 32. Nh4 Rxf2 33. Rxf2 Rxf2 34. Qxf2
Kh7 35. Qe2 Nb7 36. Qg4 Qf7 37. Ne2 Nc5 38. Nc3 g5 39. Nf3 Qf4 40. Qh5 Qe3+ 41.
Kf1 Qc1+ 42. Kf2 Qxc2+ 43. Kg3 Qc1 44. Kg4 Qf4+ 0-1

[Event "4NCL/Div2c/KHE vs. OXF1"]
[Site "Staverton Park ENG"]
[Date "2009.05.04"]
[Round "11.1"]
[White "Slavin, Alexei"]
[Black "Savage, Ben D"]
[Result "1/2-1/2"]
[WhiteElo "2308"]
[BlackElo "2330"]
[PlyCount "150"]
[EventDate "2009.05.04"]
[SourceDate "2008.10.04"]

1. d4 Nf6 2. Nf3 e6 3. e3 b6 4. b3 Bb7 5. Bb2 Be7 6. Bd3 O-O 7. O-O Ne4 8. c4
f5 9. Nc3 Bb4 10. Ne2 Ng5 11. Nxg5 Qxg5 12. Ng3 Bd6 13. f4 Qh4 14. Qh5 Qxh5 15.
Nxh5 g6 16. Ng3 a5 17. a3 Nc6 18. Rae1 Ne7 19. e4 fxe4 20. Nxe4 Bxe4 21. Bxe4
Rae8 22. g3 Nf5 23. Rf3 Be7 24. d5 Bf6 25. Bxf6 Rxf6 26. dxe6 dxe6 27. Rd3 Re7
28. Kg2 Rf8 29. Bc6 Kf7 30. g4 Nd6 31. Rde3 Kg7 32. Kg3 Ref7 33. Rf3 Re7 34.
Rfe3 Ref7 35. Rf3 Re7 36. h3 Kf6 37. Rfe3 h6 38. Bd5 Rfe8 39. Bc6 Rd8 40. R1e2
Nf7 41. Bd5 Rde8 42. Bc6 Rd8 43. Bd5 Rde8 44. Bf3 e5 45. Re4 Nd6 46. fxe5+ Rxe5
47. Rf4+ Kg7 48. Rxe5 Rxe5 49. Kf2 c5 50. Bd5 Re8 51. h4 g5 52. hxg5 hxg5 53.
Rf3 Rf8 54. Rxf8 Kxf8 55. Ke3 Ke7 56. Kd2 Kf6 57. Kd3 Ke5 58. Ke3 Ne8 59. Bc6
Nf6 60. Bf3 Nd7 61. Be4 Nf6 62. Bf3 Ng8 63. Bd5 Nh6 64. Bf3 Nf7 65. Bc6 Nd6 66.
Bd5 b5 67. Bg8 bxc4 68. bxc4 Nc8 69. Bh7 Nb6 70. Bd3 Na4 71. Bf1 Nb2 72. Be2
Na4 73. Bf1 Nb6 74. Bd3 Na4 75. Bf1 Nb6 1/2-1/2

[Event "4NCL/Div2c/KHE vs. OXF1"]
[Site "Staverton Park ENG"]
[Date "2009.05.04"]
[Round "11.2"]
[White "White, Michael J R"]
[Black "Kwiatkowski, Feliks J"]
[Result "1/2-1/2"]
[WhiteElo "2265"]
[BlackElo "2227"]
[PlyCount "34"]
[EventDate "2009.05.04"]
[SourceDate "2008.10.04"]

1. e4 c5 2. Nf3 Nc6 3. d4 cxd4 4. Nxd4 Nf6 5. Nc3 e5 6. Nde2 Bc5 7. Ng3 d6 8.
Be2 h6 9. O-O a6 10. a4 O-O 11. Kh1 Nd4 12. Be3 Be6 13. f4 Rc8 14. f5 Nxe2 15.
Qxe2 Bc4 16. Qxc4 Bxe3 17. Qe2 Bd4 1/2-1/2

[Event "4NCL/Div2c/KHE vs. OXF1"]
[Site "Staverton Park ENG"]
[Date "2009.05.04"]
[Round "11.3"]
[White "McMichael, Richard"]
[Black "Rawlinson, Aidan"]
[Result "1/2-1/2"]
[WhiteElo "2284"]
[BlackElo "2242"]
[PlyCount "36"]
[EventDate "2009.05.04"]
[SourceDate "2008.10.04"]

1. c4 c6 2. g3 d5 3. cxd5 cxd5 4. Bg2 Nf6 5. Nf3 g6 6. b3 Bg7 7. Bb2 O-O 8. O-O
b6 9. d4 Nbd7 10. Nc3 Ba6 11. Re1 e6 12. a4 Ne4 13. Nxe4 dxe4 14. Nd2 f5 15.
Nc4 Nf6 16. Rc1 Rc8 17. Qd2 Qd5 18. Qb4 Rfd8 1/2-1/2